000 00810nam a22002417a 4500
001 30502
003 UA-OsUOA
005 20260504154651.0
007 ta
008 20041110b un ||||| |||| 00| 0 ukr d
040 _aUA-OsUOA
_bukr
_cUA-OsUOA
_dUA-OsUOA
041 _aukr
044 _aCA
080 _a82.09
090 _a82.09
_bО63
245 _aМихайло Орест. Адепт Духовности нової
_bлітературознавчий симпозіон
_cред. П. Роєнко
260 _aТоронто
_bKiev Printer Ltd.
_c1967
300 _a124 с.
_bІлюстрації
650 7 _2UDC
_a82 Література. Літературознавство
_915
942 _cBK
_2udc
955 _a0
999 _c316914
_d316914